000 00471nam a22001817a 4500
003 MPLRDC
005 20220104125648.0
008 210129b ||||| |||| 00| 0 eng d
020 _a7-5386-1311-0
082 _a947.47 TZBEX-45 v.2
100 _a藤子F.不二雄原作
245 _a机械猫哆啦A梦. 2
_c碧日译
250 _a一版九刷
260 _a
_b吉林美术
_c2002
300 _b
650 _a哆啦A梦漫画
942 _cBK
_o947.47 TZBEX-45 v.2
999 _c29147
_d29137